000 00667nam a2200193 i 4500
001 31158
003 ES-MaACL
005 20230906154327.0
007 t|
008 030128s1966 sp |||| | spa d
100 1 _aBanarroch, A. Y.
_925157
245 1 0 _aMeditaciones en torno a "La tía Tula" de Miguel de Unamuno /
_cA.Y. Benarroch.
260 _aMadrid :
_bAsociación de Médicos Escritores y Artistas,
_c[1966]
300 _a72 p. ;
_c24 cm.
600 1 4 _aUnamuno, Miguel de,
_d1864-1936.
_tLa tía Tula
_9172374
710 2 _aAsociación Española de Médicos Escritores y Artistas.
_9172373
852 _aES-MaACL
_jC-30211
999 _c31158
_d31158